Foreign Notices Of Tamil Classics An Appraisal (Record no. 147079)
[ view plain ]
| 000 -LEADER | |
|---|---|
| fixed length control field | 00653nam a22002178a 4500 |
| 005 - DATE AND TIME OF LATEST TRANSACTION | |
| control field | 20171101155553.0 |
| 008 - FIXED-LENGTH DATA ELEMENTS--GENERAL INFORMATION | |
| fixed length control field | 081015s2008 cau b 001 0 eng |
| 010 ## - LCCN (DPL NO) | |
| LC control number | ENG-121122 |
| 020 ## - INTERNATIONAL STANDARD BOOK NUMBER | |
| Terms of availability | 80.00 |
| International Standard Book Number | 9788170904151 |
| 020 ## - INTERNATIONAL STANDARD BOOK NUMBER | |
| Terms of availability | 80.00 |
| International Standard Book Number | 9788170904151 |
| 035 ## - SYSTEM CONTROL NUMBER | |
| System control number | EN-104654 |
| 037 ## - SOURCE OF ACQUISITION | |
| Source of stock number/acquisition | DBAD / PUB |
| 040 ## - CATALOGING SOURCE | |
| Original cataloging agency | dpl |
| Language of cataloging | English |
| 082 ## - DEWEY DECIMAL CLASSIFICATION NUMBER | |
| Classification number | 894.81109001 |
| 100 ## - MAIN ENTRY--PERSONAL NAME | |
| Personal name | S.N.Kandaswamy |
| 245 ## - TITLE STATEMENT | |
| Title | Foreign Notices Of Tamil Classics An Appraisal |
| Statement of responsibility, etc | by Kandaswamy |
| 260 ## - PUBLICATION, DISTRIBUTION, ETC. (IMPRINT) | |
| Place of publication, distribution, etc | Chennai |
| Name of publisher, distributor, etc | Tamil University Publication |
| Date of publication, distribution, etc | 2010 |
| 270 ## - ADDRESS | |
| Address | Thanjavur |
| Postal code | 613010 |
| 300 ## - PHYSICAL DESCRIPTION | |
| Extent | 196p, |
| Dimensions | 21cm(pbk) |
| 942 ## - ADDED ENTRY ELEMENTS (KOHA) | |
| Source of classification or shelving scheme | Dewey Decimal Classification |
| Item type | English Books |
| Call number suffix | KAN |
| Classification part | 894.81109001 |
| Withdrawn status | Lost status | Source of classification or shelving scheme | Damaged status | Not for loan | Collection code | Home library | Current library | Date acquired | Source of acquisition | Cost, normal purchase price | Total Checkouts | Full call number | Barcode | Date last seen | Copy number | Cost, replacement price | Koha item type |
|---|---|---|---|---|---|---|---|---|---|---|---|---|---|---|---|---|---|
| Dewey Decimal Classification | Not For Loan | Non-fiction | D.B.Act.Division | Bawana | 01/11/2017 | DBAD/PUB | 80.00 | 894.81109001 KAN | EN-104654 | 01/11/2017 | 1 | 80.00 | English Books |
